| 000 | 00372 a2200133 4500 | ||
|---|---|---|---|
| 003 | Nust | ||
| 005 | 20170207171754.0 | ||
| 040 | _cNust | ||
| 082 | _a799 | ||
| 245 |
_a58-Comdt Visit Final Project FSc-58,Photographs-2016 _cMCS |
||
| 260 |
_aRawalpindi _bMCS _c22-03-2016 |
||
| 650 | _a58-Comdt Visit Final Project FSc-58,Photographs-2016 DVD No 26-(Vol-) | ||
| 651 | _aSweet Memories-MCS | ||
| 942 | _cBK | ||
| 999 |
_c218773 _d218773 |
||